Machine learning for absolute beginners / (Record no. 615785)

000 -LEADER
fixed length control field 00896nam a2200169 4500
020 ## - INTERNATIONAL STANDARD BOOK NUMBER
International Standard Book Number 9789362056863
040 ## - CATALOGING SOURCE
Transcribing agency NUST
082 ## - DEWEY DECIMAL CLASSIFICATION NUMBER
Classification number 006.31,THE
100 ## - MAIN ENTRY--PERSONAL NAME
Personal name Theobald, Oliver
9 (RLIN) 132730
245 ## - TITLE STATEMENT
Title Machine learning for absolute beginners /
Statement of responsibility, etc. Oliver Theobald
250 ## - EDITION STATEMENT
Edition statement 3rd ed.
260 ## - PUBLICATION, DISTRIBUTION, ETC.
Place of publication, distribution, etc. India
Name of publisher, distributor, etc. Simon & Schuster
Date of publication, distribution, etc. 2021
300 ## - PHYSICAL DESCRIPTION
Extent 128 p.;
505 ## - FORMATTED CONTENTS NOTE
Formatted contents note Introduction (Page-), What Is Machine Learning? (Page-), Ml Categories (Page-), The Ml Toolbox (Page-), Data Scrubbing (Page-), Setting Up Your Data (Page-), Regression Analysis (Page-), Clustering (Page-), Bias & Variance(Page-), Artificial Neural Networks (Page-), Decision Trees (Page-), Ensemble Modeling (Page-), Building A Model In Python (Page-), Model Optimization(Page-), Further Resources (Page-), Downloading Datasets(Page-), Final Word(Page-).
650 ## - SUBJECT ADDED ENTRY--TOPICAL TERM
Topical term or geographic name entry element Machine Learning
942 ## - ADDED ENTRY ELEMENTS (KOHA)
Source of classification or shelving scheme
Koha item type Reference
Call number prefix 006.31,THE
Holdings
Withdrawn status Lost status Source of classification or shelving scheme Damaged status Not for loan Permanent Location Current Location Shelving location Date acquired Full call number Barcode Date last seen Price effective from Koha item type Public note
          Military College of Signals (MCS) Military College of Signals (MCS) Reference 01/06/2026 006.31,THE MCS38943 01/06/2026 01/06/2026 Reference Almirah No.43, Shelf No.2
© 2023 Central Library, National University of Sciences and Technology. All Rights Reserved.